| Tag |
First Indicator |
Second Indicator |
Subfields |
| LEADER |
00000cam a2200000 a 4500 |
| 001 |
in00000001390 |
| 005 |
20151007050423.0 |
| 008 |
980918s1998 mtuab b f000 0 eng d |
| 035 |
|
|
|a (OCoLC)39889446
|
| 035 |
|
|
|9 AJB2972AM
|
| 040 |
|
|
|d GPO
|d DLC
|d MvI
|d UtOrBLW
|
| 043 |
|
|
|a n-us-mt
|
| 049 |
|
|
|a UDOC
|
| 074 |
|
|
|a 0624-B
|
| 086 |
0 |
|
|a I 19.42/4:98-4100
|
| 100 |
1 |
|
|a Parrett, Charles.
|
| 245 |
1 |
0 |
|a Characteristics of extreme storms in Montana and methods for constructing synthetic storm hyetographs /
|c by Charles Parrett ; in cooperation with the Montana Department of Natural Resources and Conservation.
|
| 264 |
|
1 |
|a Helena, Mont. :
|b U.S. Dept. of the Interior, U.S. Geological Survey ;
|c [1998]
|
| 264 |
|
2 |
|a Denver, CO :
|b Branch of Information Services [distributor],
|
| 300 |
|
|
|a vii, 55 pages :
|b illustrations, maps ;
|c 28 cm.
|
| 336 |
|
|
|a text
|b txt
|2 rdacontent
|
| 337 |
|
|
|a unmediated
|b n
|2 rdamedia
|
| 338 |
|
|
|a volume
|b nc
|2 rdacarrier
|
| 490 |
1 |
|
|a Water-resources investigations report ;
|v 98-4100
|
| 500 |
|
|
|a Shipping list number: 98-0362-P.
|
| 504 |
|
|
|a Includes bibliographical reference (page 49).
|
| 650 |
|
0 |
|a Flood forecasting
|z Montana
|x Mathematical models.
|
| 650 |
|
0 |
|a Rainstorms
|z Montana.
|
| 650 |
|
0 |
|a Precipitation (Meteorology)
|z Montana
|x Measurement.
|
| 710 |
1 |
|
|a Montana.
|b Department of Natural Resources and Conservation.
|
| 710 |
2 |
|
|a Geological Survey (U.S.)
|
| 830 |
|
0 |
|a Water-resources investigations report ;
|v 98-4100.
|
| 999 |
|
|
|a MARS
|
| 999 |
f |
f |
|s bd8b9841-90b0-32f6-8dd7-bc9332b996d5
|i 7a516805-b198-3afb-8075-6b8101b29078
|t 0
|
| 952 |
f |
f |
|p normal
|a Texas A&M University
|b College Station
|c Sterling C. Evans Library
|d Evans: US Documents (Annex 5th floor)
|t 0
|e I 19.42/4:98-4100
|h Superintendent of Documents classification
|i unmediated -- volume
|m A14824390602
|
| 998 |
f |
f |
|a I 19.42/4:98-4100
|t 0
|l Evans: US Documents (Annex 5th floor)
|